书目信息 |
| 题名: |
光谱分析法(第二版)
|
|
| 作者: | 郭德济 主编 | |
| 分册: | ||
| 出版信息: | 重庆 重庆大学出版社 1994.12 |
|
| 页数: | 184页 | |
| 开本: | 16开 | |
| 丛书名: | ||
| 单 册: | ||
| 中图分类: | O674.3 | |
| 科图分类: | ||
| 主题词: | 化学 | |
| 电子资源: | ||
| ISBN: | 7-5624-0271-X | |
| 000 | 00552nam0 2200193 45 | |
| 001 | 0008211751 | |
| 005 | 20000821170818.4 | |
| 010 | @a7-5624-0271-X@d12.00元 | |
| 100 | @a20000821d1994 km y0chiy0120 ea | |
| 101 | 0 | @achi |
| 105 | @a z 000yy | |
| 200 | 1 | @a光谱分析法(第二版)@AGuang Pu Fen Xi Fa(Di Er Ban)@f郭德济 主编@FGuo De Ji Zhu Bian |
| 210 | @a重庆@c重庆大学出版社@d1994.12 | |
| 215 | @a184页@d16开 | |
| 606 | 0 | @a化学 |
| 690 | @aO674.3@v3 | |
| 701 | 0 | @a郭德济@4主编 |
| 801 | @aCN@bPftUser@c20000821 | |
| 905 | @b113643-652@dO674.3@eG342@f10 | |
| 光谱分析法(第二版)/郭德济 主编.-重庆:重庆大学出版社,1994.12 |
| 184页;16开 |
| ISBN 7-5624-0271-X:12.00元 |
| ● |
| 相关链接 |
|
|
|
正题名:光谱分析法(第二版)
索取号:O674.3/G342
 
预约/预借
| 序号 | 登录号 | 条形码 | 馆藏地/架位号 | 状态 | 备注 |
| 1 | 113643 | 201136430 | 自科库401/401自科库 66排3列3层/ [索取号:O674.3/G342] | 在馆 | |
| 2 | 113644 | 201136449 | 自科库401/401自科库 66排3列3层/ [索取号:O674.3/G342] | 在馆 | |
| 3 | 113645 | 201136458 | 自科库401/401自科库 66排3列3层/ [索取号:O674.3/G342] | 在馆 | |
| 4 | 113646 | 201136467 | 自科库401/401自科库 66排3列3层/ [索取号:O674.3/G342] | 在馆 | |
| 5 | 113647 | 201136476 | 自科库401/401自科库 66排3列3层/ [索取号:O674.3/G342] | 在馆 | |
| 6 | 113648 | 201136485 | 自科库401/401自科库 66排3列3层/ [索取号:O674.3/G342] | 在馆 | |
| 7 | 113649 | 201136494 | 自科库401/401自科库 66排3列3层/ [索取号:O674.3/G342] | 在馆 | |
| 8 | 113650 | 201136500 | 自科库401/401自科库 66排3列3层/ [索取号:O674.3/G342] | 在馆 | |
| 9 | 113651 | 201136519 | 自科库401/401自科库 66排3列3层/ [索取号:O674.3/G342] | 在馆 | |
| 10 | 113652 | 201136528 | 自科库401/401自科库 66排3列3层/ [索取号:O674.3/G342] | 在馆 |